[Event "IND-ch U25"]
[Site "Kankarbagh"]
[Date "2015.10.16"]
[Round "5"]
[White "Divyanshu, Hasija"]
[Black "Pimpalkhare, Vedant"]
[Result "0-1"]
[WhiteElo "1582"]
[BlackElo "1854"]
[PlyCount "68"]
[EventDate "2015.10.13"]
[EventType "swiss"]
[EventRounds "9"]
[EventCountry "IND"]
[SourceTitle "CBM 168 Extra"]
[Source "ChessBase"]
[SourceDate "2015.10.29"]
[SourceVersion "1"]
[SourceVersionDate "2015.10.29"]
[SourceQuality "1"]

1. e4 e6 2. d4 d5 3. exd5 exd5 4. Nf3 Nf6 5. Bd3 Bd6 6. Bg5 0-0 7. 0-0 Bg4 8. Nbd2 Nbd7 9. c3 c5 10. Qc2 Qc7 11. Rfe1 Rfe8 12. Bf5 Bh5 13. h3 Bg6 14. Rad1 c4 15. a3 b5 16. Nh4 a5 17. Nxg6 hxg6 18. Bxd7 Qxd7 19. b4 Qa7 20. Bxf6 gxf6 21. Nf1 axb4 22. Rxe8+ Rxe8 23. axb4 Bf4 24. Qb2 Qe7 25. Ra1 Qe4 26. Ra5 Qd3 27. Qa1 Re2 28. Rxb5 Rc2 29. Qa8+ Kg7 30. Qa1 Rc1 31. Qxc1 Bxc1 32. Rxd5 Qxc3 33. b5 Qb3 34. Rc5 Ba3 0-1